| 000 | 00463ntaaa2200193 4500 | ||
|---|---|---|---|
| 003 | 01 | ||
| 005 | 20251027202031.0 | ||
| 008 | 0714s1973 ag 01 | ||
| 040 |
_aAR-BaBN _bspa _cAR-BaBN _eaacr _dRIC |
||
| 082 | _a249.0000 R39 | ||
| 100 |
_aRichardson, P.J. _918963 |
||
| 245 | _aFellowship with God in prayer | ||
| 250 | _a1 ed. | ||
| 260 |
_aLondon : _bSPCK, _cc1918 |
||
| 300 | _a127 p | ||
| 650 |
_aoración _91331 |
||
| 650 | _avida cristiana | ||
| 942 | _cBK | ||
| 999 |
_c15118 _d15118 |
||